[Event "Olympiad Women-44"]
[Site "Chennai"]
[Date "2022.08.09"]
[Round "11.1"]
[White "Nihaya, Ahmed"]
[Black "Kannappan, Sigappi"]
[Result "0-1"]
[WhiteElo "1233"]
[BlackElo "1914"]
[PlyCount "72"]
[EventDate "2022.07.29"]
[EventType "team-swiss"]
[EventRounds "11"]
[EventCountry "IND"]
[SourceTitle "CBM 210"]
[Source "ChessBase"]
[SourceDate "2022.10.31"]
[SourceVersion "1"]
[SourceVersionDate "2022.10.31"]
[SourceQuality "1"]
[WhiteTeam "Maldives (W)"]
[BlackTeam "Hong Kong (W)"]
[WhiteTeamCountry "MDV"]
[BlackTeamCountry "HKG"]

1. e4 c5 2. Nf3 d6 3. d4 cxd4 4. Nxd4 Nf6 5. Nc3 a6 6. a3 e6 7. Bd3 Be7 8. 0-0 0-0 9. f4 Nc6 10. Nf3 b5 11. Kh1 Bb7 12. e5 dxe5 13. fxe5 Nd7 14. Ng5 Bxg5 15. Bxh7+ Kxh7 16. Qh5+ Bh6 17. Bxh6 gxh6 18. Rxf7+ Rxf7 19. Qxf7+ Kh8 20. Qxe6 Qe7 21. Qxh6+ Qh7 22. Qd2 Ncxe5 23. Nd5 Rg8 24. Re1 Rg6 25. Re3 Rh6 26. h3 Rd6 27. c4 bxc4 28. Qb4 Rxd5 29. Rxe5 Rxe5 30. Qxb7 Qe7 31. Qc8+ Kg7 32. g4 Re1+ 33. Kg2 Qe4+ 34. Kg3 Re3+ 35. Kh4 Qh7+ 36. Kg5 Qh6+ 0-1

[Event "Olympiad Women-44"]
[Site "Chennai"]
[Date "2022.07.29"]
[Round "1.1"]
[White "Karavade, Eesha"]
[Black "Kannappan, Sigappi"]
[Result "1-0"]
[WhiteElo "2339"]
[BlackElo "1914"]
[PlyCount "97"]
[EventDate "2022.07.29"]
[EventType "team-swiss"]
[EventRounds "11"]
[EventCountry "IND"]
[SourceTitle "CBM 210"]
[Source "ChessBase"]
[SourceDate "2022.10.31"]
[SourceVersion "1"]
[SourceVersionDate "2022.10.31"]
[SourceQuality "1"]
[WhiteTeam "India (W) III"]
[BlackTeam "Hong Kong (W)"]
[WhiteTeamCountry "IND"]
[BlackTeamCountry "HKG"]

1. Nf3 Nf6 2. c4 g6 3. d4 Bg7 4. Nc3 0-0 5. e4 d6 6. h3 e5 7. d5 Nh5 8. g3 f5 9. exf5 gxf5 10. Ng5 Nf6 11. g4 h6 12. Ne6 Bxe6 13. dxe6 Ne4 14. Nxe4 fxe4 15. Qd5 c6 16. Qxe4 d5 17. Qc2 Na6 18. a3 Rc8 19. g5 hxg5 20. Rg1 Qf6 21. Bxg5 Qxe6 22. Be2 Qf5 23. Qxf5 Rxf5 24. Bg4 Rxg5 25. Be6+ Kh7 26. Rxg5 Rc7 27. cxd5 cxd5 28. Bxd5 Nc5 29. Ke2 Nd7 30. Rag1 Nf6 31. Rxg7+ Rxg7 32. Rxg7+ Kxg7 33. Bxb7 Kg6 34. b4 Kf5 35. Ke3 e4 36. b5 Ke5 37. a4 Nd7 38. Bxe4 Nb6 39. f4+ Kf6 40. Bc2 Nd5+ 41. Ke4 Nc3+ 42. Kf3 Nd5 43. a5 Ke7 44. Be4 Nb4 45. b6 axb6 46. axb6 Kd6 47. h4 Kc5 48. b7 Na6 49. h5 1-0

[Event "Olympiad Women-42"]
[Site "Baku"]
[Date "2016.09.09"]
[Round "7.2"]
[White "Kannappan, Sigappi"]
[Black "Angolikin, Goretti"]
[Result "1/2-1/2"]
[WhiteElo "1864"]
[BlackElo "1613"]
[PlyCount "68"]
[EventDate "2016.09.02"]
[EventType "team-swiss"]
[EventRounds "11"]
[EventCountry "AZE"]
[SourceTitle "CBM 174 Extra"]
[Source "ChessBase"]
[SourceDate "2016.10.10"]
[SourceVersion "1"]
[SourceVersionDate "2016.10.10"]
[SourceQuality "1"]
[WhiteTeam "Hong Kong (W)"]
[BlackTeam "Uganda (W)"]
[WhiteTeamCountry "HKG"]
[BlackTeamCountry "UGA"]

1. e4 c6 2. d4 d5 3. e5 Bf5 4. Nf3 e6 5. a3 h6 6. Be2 Nd7 7. 0-0 Bh7 8. Nbd2 Ne7 9. b3 Ng6 10. Bd3 Be7 11. c4 0-0 12. Qc2 Qe8 13. Re1 a6 14. c5 f5 15. exf6 Rxf6 16. Nf1 Ngf8 17. Bxh7+ Nxh7 18. Ng3 Qf7 19. Ne5 Nxe5 20. Rxe5 Rf8 21. Ra2 Bd8 22. Nh5 Rf5 23. Rxf5 exf5 24. Nf4 Re8 25. f3 Bh4 26. Bd2 Bg5 27. g3 Bxf4 28. Bxf4 Qe6 29. Be5 Nf6 30. Qd3 Nd7 31. Re2 Nf8 32. Kf2 Qf7 33. Bd6 Rxe2+ 34. Qxe2 Ne6 1/2-1/2

[Event "Hong Kong-ch prel"]
[Site "Hong Kong"]
[Date "2014.01.13"]
[Round "2"]
[White "Sarwate, Rohit"]
[Black "Kannappan, Sigappi"]
[Result "1-0"]
[WhiteElo "1614"]
[BlackElo "1936"]
[PlyCount "67"]
[EventDate "2014.01.06"]
[EventType "swiss"]
[EventRounds "9"]
[EventCountry "HKG"]
[SourceTitle "EXT 2015"]
[Source "ChessBase"]
[SourceDate "2014.11.20"]
[SourceVersion "1"]
[SourceVersionDate "2014.11.20"]
[SourceQuality "1"]

1. e4 c5 2. Nf3 d6 3. d4 cxd4 4. Nxd4 Nf6 5. f3 e6 6. c4 Be7 7. Nc3 a6 8. Be2 Nc6 9. Be3 Bd7 10. Qd2 0-0 11. 0-0 Rc8 12. Rac1 Nxd4 13. Qxd4 Bc6 14. Rfd1 Nd7 15. Kh1 Qc7 16. b4 b6 17. Nb5 axb5 18. cxb5 Qb7 19. bxc6 Rxc6 20. Bb5 Rxc1 21. Rxc1 Rb8 22. Rc6 Qa7 23. a4 e5 24. Qc3 Rb7 25. a5 d5 26. Rc8+ Bf8 27. exd5 Nf6 28. Bc6 Rb8 29. Rxb8 Qxb8 30. Bxb6 Qd6 31. Bc5 Nxd5 32. Bxd6 Nxc3 33. Bxf8 Kxf8 34. a6 1-0

[Event "Hong Kong-ch op"]
[Site "Hong Kong"]
[Date "2013.09.30"]
[Round "7"]
[White "Kannappan, Sigappi"]
[Black "Tsang, Hon Ki"]
[Result "0-1"]
[WhiteElo "1896"]
[BlackElo "2126"]
[PlyCount "72"]
[EventDate "2013.09.27"]
[EventType "swiss"]
[EventRounds "9"]
[EventCountry "HKG"]
[SourceTitle "EXT 2015"]
[Source "ChessBase"]
[SourceDate "2014.11.20"]
[SourceVersion "1"]
[SourceVersionDate "2014.11.20"]
[SourceQuality "1"]

1. e4 Nf6 2. e5 Nd5 3. d4 d6 4. Nf3 dxe5 5. Nxe5 c6 6. c4 Nb4 7. a3 Qxd4 8. axb4 Qxe5+ 9. Be2 e6 10. Qb3 Be7 11. Be3 Na6 12. c5 Nc7 13. Nc3 Nd5 14. Nxd5 exd5 15. Rd1 Bf6 16. Bd4 Qe7 17. Bxf6 Qxf6 18. 0-0 0-0 19. b5 Bf5 20. Bd3 Rfe8 21. Bxf5 Qxf5 22. bxc6 bxc6 23. Qb7 Qf6 24. Rfe1 Reb8 25. Qd7 h6 26. Rb1 a5 27. Re2 a4 28. Rbe1 Rb5 29. Qd6 Kh7 30. Qxf6 gxf6 31. Rc2 Rab8 32. g3 Rxb2 33. Rcc1 a3 34. Ra1 a2 35. Kf1 R8b5 36. Rec1 Rb1 0-1

[Event "Hong Kong-ch op"]
[Site "Hong Kong"]
[Date "2013.09.29"]
[Round "4"]
[White "Silveirinha, Jose Antonio C"]
[Black "Kannappan, Sigappi"]
[Result "0-1"]
[WhiteElo "2104"]
[BlackElo "1896"]
[PlyCount "70"]
[EventDate "2013.09.27"]
[EventType "swiss"]
[EventRounds "9"]
[EventCountry "HKG"]
[SourceTitle "EXT 2015"]
[Source "ChessBase"]
[SourceDate "2014.11.20"]
[SourceVersion "1"]
[SourceVersionDate "2014.11.20"]
[SourceQuality "1"]

1. c4 d6 2. Nc3 g6 3. Nf3 Bg7 4. d4 Nf6 5. Bg5 0-0 6. Qd2 Re8 7. e4 c6 8. Be2 a6 9. a4 b6 10. 0-0 Bb7 11. Bh6 Bh8 12. Ng5 e5 13. d5 cxd5 14. cxd5 Nbd7 15. g3 Nc5 16. Ra3 Bg7 17. Bxg7 Kxg7 18. b4 Ncd7 19. a5 h6 20. Nf3 bxa5 21. Rxa5 Nc5 22. Rxc5 dxc5 23. bxc5 a5 24. Bb5 Ba6 25. Bxe8 Bxf1 26. Bc6 Bh3 27. Bxa8 Qxa8 28. Nxe5 a4 29. f3 a3 30. Kf2 Qa5 31. Ke3 Qxc5+ 32. Qd4 Qa5 33. g4 a2 34. Nxa2 Qe1+ 35. Kf4 Nh5+ 0-1

[Event "Hong Kong-ch qual"]
[Site "Hong Kong"]
[Date "2013.04.15"]
[Round "9"]
[White "Kannappan, Sigappi"]
[Black "Edwards, Christopher"]
[Result "0-1"]
[WhiteElo "1962"]
[BlackElo "1650"]
[PlyCount "128"]
[EventDate "2013.01.28"]
[EventType "swiss"]
[EventRounds "9"]
[EventCountry "HKG"]
[SourceTitle "EXT 2015"]
[Source "ChessBase"]
[SourceDate "2014.11.20"]
[SourceVersion "1"]
[SourceVersionDate "2014.11.20"]
[SourceQuality "1"]

1. e4 c5 2. Nf3 d6 3. d4 cxd4 4. Nxd4 Nf6 5. Nc3 a6 6. Be2 e5 7. Nb3 Be7 8. Be3 0-0 9. 0-0 Qc7 10. a4 b6 11. f4 Bb7 12. Bf3 Nbd7 13. Kh1 Rac8 14. f5 Qb8 15. Nd2 Qa8 16. Re1 Rfd8 17. Qe2 Nc5 18. Bg1 Bc6 19. Nc4 Qb8 20. b4 Ncd7 21. b5 Ba8 22. bxa6 Qc7 23. a5 Qxc4 24. axb6 Qxc3 25. b7 Bxb7 26. axb7 Rb8 27. Reb1 Rxb7 28. Rxb7 Qxa1 29. Qb5 d5 30. exd5 Bc5 31. Qb1 Qxb1 32. Rxb1 Bxg1 33. Kxg1 e4 34. Be2 Nxd5 35. Bc4 N5f6 36. Rd1 Kf8 37. Bb5 Ke7 38. h3 h5 39. Kf2 Ne5 40. Rxd8 Kxd8 41. Ke3 Ke7 42. Be2 Kd6 43. g4 hxg4 44. hxg4 Nexg4+ 45. Bxg4 Nxg4+ 46. Kxe4 Nf6+ 47. Kd4 g5 48. fxg6 fxg6 49. c4 g5 50. c5+ Kc6 51. Ke5 g4 52. Kf4 Kxc5 53. Kg3 Kd4 54. Kf2 Ke4 55. Kg3 Ke3 56. Kg2 Kf4 57. Kf2 Ne4+ 58. Kg2 Ke3 59. Kg1 Kf3 60. Kf1 Kg3 61. Kg1 Nf2 62. Kf1 Nh3 63. Ke1 Kg2 64. Ke2 g3 0-1